Quizzes
Events
Quiz Creation
Community
Videos
Private Events
Remove Ads
Sign In
Join for FREE
Feedback
Dark Mode
Quiz Categories
Sports
Geography
Music
Movies
Television
Just For Fun
Miscellaneous
History
Literature
Language
Science
Gaming
Entertainment
Religion
Holiday
For Kids
Quiz Lab
Recent
Popular Today
Quiz Kudos Today
Editor Picks
Curator Picks
Quizzes by...
Day
Popularity
Type
Ratings
Length
Year
Community
Subscriptions
Recent Discussions
Orange Saloon
Badges
Playlists
Quests
Create
Leaderboards
Showdown
Live 5
Trivia Bingo
Activity
Puzzle Library
Sporcle Events
Private Events
Virtual Trivia
Globe League
Become a Host
Pub Owners
SporcleCon
Opinionation
Our Games
Videos
Blog
Mobile Apps
Partnerships
Remove Ads and Go Orange
Feedback
Sports
Athletes
MLB
NBA
NHL
NFL
Soccer
Sports Teams
WWE
NCAA
Football
Premier League
Basketball
Baseball
Hockey
Golf
Tennis
Cricket
Rugby
Auto Racing
Olympics
World Cup
Sports
Athletes
MLB
NBA
NHL
NFL
Soccer
Sports Teams
WWE
NCAA
Football
Premier League
Basketball
Baseball
Hockey
Golf
Tennis
Cricket
Rugby
Auto Racing
Olympics
World Cup
Random Quiz
Search Sporcle
×
Quiz Lab
Quiz Lab
Sports
team
Type in answers that appear in a list
Type in answers that appear in a list
Classic
Best Score? Go Orange.
F1 Teams Since 1990 Stats
Can you name the F1 Teams 1990-2010?
By
peh2006
15m
48 Questions
5,052 Plays
5,052 Plays
5,052 Plays
Comments
Comments
Give Quiz Kudos
Give Quiz Kudos
-
- Ratings
hide this ad
Replay
Link that replays current quiz
Next Quiz
Link to next quiz in quiz playlist
You Got
0%
They Got
Avg Score
61%
Avg Friend Score
Upgrade to see
Score Distribution
Jump to the score distribution portion of the page
Score
0/48
Timer
15:00
1
Play Today
% Correct
Ferrari
98.9%
McLaren
97.7%
Williams
95.4%
Red Bull
93.8%
Renault
92.4%
Lotus
91.2%
Sauber
89.6%
Toro Rosso
87.5%
Mercedes
86.6%
Force India
85.1%
Jordan
84.5%
Benetton
83.9%
Honda
82.7%
Minardi
82.6%
Brawn
81%
Jaguar
77.8%
Toyota
76.8%
BAR
74.4%
Prost
73.7%
Arrows
71.8%
Stewart
69.4%
Spyker
69.1%
Virgin
69%
Tyrrell
67.4%
% Correct
Brabham
60.2%
Ligier
60.1%
Hispania
59.8%
Midland
59%
Super Aguri
58.4%
BMW Sauber
58%
Lola
54.5%
Footwork
46.5%
Simtek
45.1%
Pacific
41.1%
Forti
39.4%
March
38%
Dallara
36.4%
Leyton House
35.1%
Larrousse
34.5%
Andrea Moda
34.5%
Onyx
31.4%
Life
30.2%
Coloni
28.6%
AGS
27.8%
Osella
27.4%
Fondmetal
26%
Eurobrun
22.3%
Modena
18.5%
Quiz Playlist
Details
Report
Send in Message
Add To Playlist
Classic:
Type in answers that appear in a list
Last Updated: Feb 16, 2017
Quiz Scoreboard
CHALLENGE
Sign Up to Join the Scoreboard
Show All
Scores
Hide
Comments
May contain spoilers
Recently Published
An Introduction to Baseball
by treessimontrees
Sports
5m
Movies - When Are They Set?
by FPL_Elf
Movies
5m
Popular People in 1961
by mucciniale
History
6m
More to Explore
Quiz From the Vault
Featured Blog Post
Where Did the Easter Bunny Come From?
hide this ad
You Might Also Like...
Tags
1990
1990s
F1 Teams
team
Today's Top Quizzes in Sports
Browse Sports
hide this ad
Today's Top Quizzes in team
Browse team
Top Contributed Quizzes in Sports
1
Les meilleurs buteurs des matchs entre le PSG et l’OM
2
2022 World Cup Stars
3
FIFA Club World Cup Champions
4
Les entraîneurs de l'OM et du PSG au 21e siècle
5
Name the Premier League winners with different clubs
6
La finale Lions - Afrique du Sud 2021
7
Les joueurs passés par le LOSC et le RC Lens
8
Criteria MLB: Left Handed Sluggers
9
Players with Multiple 50 Home Run Seasons
10
5-to-1: UK Sports Teams
Explore More
Trending Topics
Disney
Marvel
Anime
NBA
Kpop
Harry Potter
Crossword
NFL
WWE
Country
Soccer
Puzzle
The Office
Song
Pokémon
hide this ad
More By:
peh2006
Quiz
Plays
Rating
Category
Featured
Created
Formula 1 Drivers 1990-2012
14,329
4.08
Sports
Dec 24, 2009
F1 Teams Since 1990
5,052
3.86
Sports
Jan 3, 2010
F1 Rookies
4,668
4.00
Sports
Dec 14, 2010
Formula 1 Drivers 1980-1989
2,190
4.90
Sports
Dec 27, 2009
F1 Drivers by Teams
722
4.57
Sports
Jan 9, 2010
Go to Creator's Profile
Score Distribution
Quiz Creator Spotlight
peh2006
Follow
Send a Message
Quizzes Created
-
Created Quiz Play Count
-
More By This Creator
Popular Quizzes Today
1
Find the Countries of Europe - No Outlines Minefield
2
Find the US States - No Outlines Minefield
3
The Countries of the World
4
Popular People in 1961
5
Find the US States
6
US States
7
1-10 Letter E Words III
8
Risky Map Clicking: Biggest States A-Z
More Sports Quizzes
FIFA Club World Cup Winners Crossword
Quiz Lab
Trending Quizzes
Risky Map Clicking: Least Populous States A-Z
1-10 Letter F Words
1-10 Letter G Words
Not Quite an Element Typing Challenge
One Thing in Common: United Kingdom
Recently Updated
Leaping Animals
pecheneg
Reality TV Shows (A-Z)
bhenderson79
Rickey Henderson's Hall of Fame Teammates
pecheneg
Champions League XIs: Arsenal
pecheneg
Quick Pick: Celebrities in WWE's Hall of Fame
aduchscher
A-Z Keypad Blitz II
pecheneg
Multiple Oscar Actors
pecheneg
Mystery Phrase Blitz: Oscar 'Best Actors'
pecheneg
F. Scott Fitzgerald Novels
LTH
Pick 3 Villains
ddd62291
Trending Topics
Marvel
Kpop
NBA
Crossword
Disney
Anime
Harry Potter
The Office
NFL
Puzzle
Pokémon
Soccer
WWE
Song
Country
Your Account Isn't Verified!
In order to create a playlist on Sporcle, you need to verify the email address you used during registration. Go to your
Sporcle Settings
to finish the process.
Report this User
Report this user for behavior that violates our
Community Guidelines
.
Details:
Send Report
Go to the Sporcle.com Mobile Site →
Comments